000 01230nam a2200397 a 4500
005 20240327120932.0
008 100309e2000||||ag |||f ||||1 1s0 spa d
020 _a9509331058
041 _aspa
092 _c174
_l51
_sMAI
100 1 _aMainetti, José Alberto
_9962
245 _aCompendio bioético /
_cJosé Alberto Mainetti.
250 _a1a ed.
260 _aLa Plata [Buenos Aires-ARG]:
_bQuirón;
_c2000.
300 _a219 p.
500 _aMainetti, J. A. (2000). Compendio bioético. (1a ed.). Buenos Aires : Quirón.
590 _aDonación Dora Vera. Febrero 2017
653 _aOrden natural
653 _aMedicina hipocrática
653 _aJuramento hipocrático
653 _aOrden sobrenatural
653 _aMedicina medieval
653 _aÉtica y etiqueta
653 _aOrden Social
653 _aMedicina moderna
653 _aDeontología profesional
653 _aEstatuto epistemológico
653 _aParadigma disciplinario
653 _aMetabioética
653 _aCuestión nominal de la bioética
653 _aCrisis bio-ética
653 _aComplejo bioético
653 _aMedicina y humanidad
653 _aFenomenología de la intercorporeidad
942 _2ddc
_cBK
999 _c2323
_d2323